| 000 | 00398nam a2200145 a 4500 | ||
|---|---|---|---|
| 001 | 5226 | ||
| 003 | CDMR | ||
| 005 | 20130220083019.0 | ||
| 008 | 130130s2003||||||||||||||||||||||||||||d | ||
| 040 |
_aCDMR _bcat _cCPC LLEIDA |
||
| 110 |
_92824 _aMuseu d'art Jaume Morera |
||
| 245 | 0 |
_aMemòria d'un decenni _bMuseu d'Art Jaume Morera |
|
| 260 |
_aLleida _c2003 _bMuseu d'Art Jaume Morera |
||
| 942 |
_cMON _2ddc |
||
| 999 |
_c5226 _d5226 |
||